[Event "CHN-RUS Youth rapid"]
[Site "Harbin"]
[Date "2024.11.05"]
[Round "5.3"]
[White "Plotnikov, Boris"]
[Black "Xia, Jinnan"]
[Result "0-1"]
[WhiteElo "2027"]
[BlackElo "1850"]
[PlyCount "128"]
[EventDate "2024.11.04"]
[EventType "schev (rapid)"]
[EventRounds "8"]
[EventCountry "CHN"]
[SourceTitle "CB45_2024"]
[Source "ChessBase"]
[SourceDate "2024.11.06"]
[SourceVersion "1"]
[SourceVersionDate "2024.11.06"]
[SourceQuality "1"]

1. d4 Nf6 2. c4 e6 3. Nc3 d5 4. cxd5 exd5 5. Bg5 c6 6. e3 h6 7. Bh4 Be7 8. Bd3 0-0 9. Qc2 Re8 10. Nf3 Nbd7 11. 0-0 Ne4 12. Bxe7 Qxe7 13. b4 Qxb4 14. Nxe4 dxe4 15. Bxe4 Nf6 16. Bd3 Be6 17. Rab1 Qe7 18. Rfc1 Rac8 19. a4 Bd5 20. Ne5 Qc7 21. Bf5 Be6 22. Bxe6 Rxe6 23. Nd3 Ne4 24. Ne5 Nf6 25. Qb3 Re7 26. h3 Nd5 27. Nd3 Qd8 28. Qa3 b6 29. Rb2 Rec7 30. Rbc2 Qf6 31. Qb3 Ne7 32. a5 Nd5 33. axb6 axb6 34. Ne5 Qd6 35. Nd3 Ra8 36. e4 Ra3 37. Qc4 Ne7 38. Ne5 Nc8 39. Rc3 Rxc3 40. Qxc3 Na7 41. Nc4 Qe6 42. Nd2 Nb5 43. Qd3 Qd7 44. Nb3 Rc8 45. d5 c5 46. e5 Nc7 47. d6 Ne6 48. Nd2 b5 49. Ne4 c4 50. Qg3 Kh8 51. f4 b4 52. f5 Nd4 53. Qf2 Nxf5 54. Nc5 Qb5 55. d7 Rd8 56. g4 Ne7 57. e6 fxe6 58. Nxe6 Rxd7 59. Rf1 Ng6 60. g5 Qd5 61. Re1 Re7 62. Qe3 Nf8 63. Qf4 Nxe6 64. Qb8+ Kh7 0-1

[Event "CHN-RUS Youth rapid"]
[Site "Harbin"]
[Date "2024.11.04"]
[Round "4.3"]
[White "Lu, Miaoyi"]
[Black "Plotnikov, Boris"]
[Result "1-0"]
[WhiteElo "2441"]
[BlackElo "2027"]
[PlyCount "59"]
[EventDate "2024.11.04"]
[EventType "schev (rapid)"]
[EventRounds "8"]
[EventCountry "CHN"]
[SourceTitle "CB45_2024"]
[Source "ChessBase"]
[SourceDate "2024.11.06"]
[SourceVersion "1"]
[SourceVersionDate "2024.11.06"]
[SourceQuality "1"]

1. e4 c5 2. Nf3 d6 3. d4 cxd4 4. Nxd4 Nf6 5. Nc3 a6 6. Be3 e5 7. Nf3 Be7 8. Bc4 Be6 9. Bxe6 fxe6 10. Ng5 Qd7 11. Qf3 Nc6 12. Qh3 Nd8 13. 0-0-0 0-0 14. f4 exf4 15. e5 h6 16. Bc5 hxg5 17. exd6 Bxd6 18. Bxd6 Rf7 19. Bxf4 Nd5 20. Bxg5 Nc6 21. Ne4 Rf5 22. c4 Ncb4 23. Qb3 Qc7 24. Kb1 Nb6 25. Qxb4 Qc6 26. c5 a5 27. Qe1 Nc4 28. Nd6 Re5 29. Qg3 Qxc5 30. Bf6 1-0

[Event "CHN-RUS Youth rapid"]
[Site "Harbin"]
[Date "2024.11.04"]
[Round "2.3"]
[White "Mu, Wangxueyao"]
[Black "Plotnikov, Boris"]
[Result "0-1"]
[WhiteElo "2048"]
[BlackElo "2027"]
[PlyCount "124"]
[EventDate "2024.11.04"]
[EventType "schev (rapid)"]
[EventRounds "8"]
[EventCountry "CHN"]
[SourceTitle "CB45_2024"]
[Source "ChessBase"]
[SourceDate "2024.11.06"]
[SourceVersion "1"]
[SourceVersionDate "2024.11.06"]
[SourceQuality "1"]

1. d4 Nf6 2. Nf3 e6 3. e3 d5 4. Bd3 c5 5. b3 Nc6 6. Bb2 cxd4 7. exd4 Bd6 8. 0-0 0-0 9. Nbd2 b6 10. Ne5 Qc7 11. Nxc6 Qxc6 12. Re1 a5 13. Qf3 Ba6 14. c4 Bb4 15. Rad1 Rfc8 16. cxd5 Qxd5 17. Qe2 Bxd3 18. Qxd3 Nd7 19. Re3 Bxd2 20. Qxd2 Rc6 21. Rc3 Rac8 22. Rxc6 Rxc6 23. Rc1 Rxc1+ 24. Qxc1 h5 25. h3 b5 26. Qc3 a4 27. bxa4 bxa4 28. Qa3 Nb6 29. Bc3 Qe4 30. Qb2 Nd5 31. Bd2 Qd3 32. a3 Qb3 33. Qc1 Kh7 34. Kh2 Qd3 35. Be3 Nc3 36. Qd2 Qxd2 37. Bxd2 Nb5 38. Bb4 Nxd4 39. Kg3 e5 40. Bc5 Ne6 41. Bd6 f6 42. Kf3 Nf4 43. h4 Kg6 44. g3 Nd3 45. Ke3 Nb2 46. Ke4 Kf7 47. Kd5 Nd3 48. f3 Ne1 49. f4 exf4 50. Bxf4 Nf3 51. Ke4 Nh2 52. Kd3 Ke6 53. Kc4 Kf5 54. Kb4 g5 55. hxg5 fxg5 56. Bc7 Kg4 57. Kxa4 Nf1 58. Kb5 Nxg3 59. a4 h4 60. Bb6 Ne2 61. Bc7 Nc3+ 62. Kb4 Nd5+ 0-1

[Event "CHN-RUS Youth rapid"]
[Site "Harbin"]
[Date "2024.11.04"]
[Round "1.3"]
[White "Plotnikov, Boris"]
[Black "Jin, Hongtao"]
[Result "0-1"]
[WhiteElo "2027"]
[BlackElo "2128"]
[PlyCount "74"]
[EventDate "2024.11.04"]
[EventType "schev (rapid)"]
[EventRounds "8"]
[EventCountry "CHN"]
[SourceTitle "CB45_2024"]
[Source "ChessBase"]
[SourceDate "2024.11.06"]
[SourceVersion "1"]
[SourceVersionDate "2024.11.06"]
[SourceQuality "1"]

1. d4 Nf6 2. c4 e6 3. Nc3 Bb4 4. f3 c5 5. d5 0-0 6. e4 d6 7. Nge2 b5 8. Nf4 exd5 9. cxd5 Bd7 10. Bd2 a6 11. Be2 Re8 12. 0-0 c4 13. Be3 Qc7 14. g4 Bc5 15. Bxc5 Qxc5+ 16. Kh1 Re5 17. a3 Be8 18. Qd2 h6 19. Ng2 Nbd7 20. Ne3 Nf8 21. Nf5 Bd7 22. Ng3 Ree8 23. h4 Ng6 24. h5 Ne5 25. Rg1 Nh7 26. Raf1 b4 27. axb4 Qxb4 28. Nf5 Rab8 29. f4 Nd3 30. Bxd3 cxd3 31. Qxd3 Qxb2 32. Qd4 Nf6 33. Rb1 Qc2 34. Rxb8 Rxb8 35. Ne3 Qf2 36. g5 Qh4+ 37. Kg2 Rb2+ 0-1

[Event "Moscow-ch op Superfinal"]
[Site "Ershovo"]
[Date "2024.02.29"]
[Round "9"]
[White "Plotnikov, Boris"]
[Black "Chuersakul, Sarocha"]
[Result "1-0"]
[WhiteElo "2097"]
[BlackElo "1820"]
[PlyCount "85"]
[EventDate "2024.02.23"]
[EventType "swiss"]
[EventRounds "10"]
[EventCountry "RUS"]
[SourceTitle "CBM 219 Extra"]
[Source "ChessBase"]
[SourceDate "2024.05.31"]
[SourceVersion "1"]
[SourceVersionDate "2024.05.31"]
[SourceQuality "1"]

1. d4 Nf6 2. c4 e6 3. Nc3 d5 4. cxd5 exd5 5. Bg5 Be7 6. e3 0-0 7. Bd3 c6 8. Qc2 Nbd7 9. Nf3 Re8 10. 0-0 h6 11. Bh4 Ne4 12. Bxe4 Bxh4 13. Bh7+ Kh8 14. Bd3 Bf6 15. b4 a6 16. a4 Nf8 17. h3 Be6 18. Rfd1 Rc8 19. Rac1 a5 20. b5 c5 21. dxc5 Rxc5 22. Nd4 Qc8 23. Bf1 b6 24. Qd2 Ng6 25. Nce2 Ne5 26. Nf4 Qc7 27. Nb3 Rxc1 28. Rxc1 Qb7 29. Nd4 Nd7 30. Bd3 Nc5 31. Bb1 Qd7 32. Ndxe6 fxe6 33. Qc2 Kg8 34. Qh7+ Kf8 35. Ng6+ Kf7 36. f4 d4 37. Ne5+ Bxe5 38. Bg6+ Kf8 39. fxe5 Rc8 40. Rf1+ Ke7 41. Rf7+ Kd8 42. Rxd7+ Nxd7 43. exd4 1-0

[Event "Moscow-ch op Superfinal"]
[Site "Ershovo"]
[Date "2024.02.24"]
[Round "3"]
[White "Plotnikov, Boris"]
[Black "Lyutsinger, Iren"]
[Result "0-1"]
[WhiteElo "2097"]
[BlackElo "1916"]
[PlyCount "100"]
[EventDate "2024.02.23"]
[EventType "swiss"]
[EventRounds "10"]
[EventCountry "RUS"]
[SourceTitle "CBM 219 Extra"]
[Source "ChessBase"]
[SourceDate "2024.05.31"]
[SourceVersion "1"]
[SourceVersionDate "2024.05.31"]
[SourceQuality "1"]

1. d4 Nf6 2. c4 e6 3. Nc3 Bb4 4. a3 Bxc3+ 5. bxc3 b6 6. f3 d5 7. cxd5 exd5 8. e3 0-0 9. Bd3 c5 10. Ne2 Nc6 11. 0-0 Re8 12. Ng3 Qc7 13. Ra2 Be6 14. Re2 Rad8 15. Bb2 Bc8 16. Rfe1 h5 17. Qd2 a6 18. e4 h4 19. Nf5 Bxf5 20. exf5 c4 21. Bc2 Qd7 22. Bc1 b5 23. Qg5 h3 24. g4 Rxe2 25. Rxe2 Re8 26. Rxe8+ Qxe8 27. Kf2 a5 28. Qf4 b4 29. Ba4 bxc3 30. Be3 Qd7 31. Kg3 Qb7 32. Kxh3 Ne7 33. g5 Nh5 34. Qe5 g6 35. f6 Qc8+ 36. Kg2 Nf5 37. Bc1 Kh7 38. Qxd5 Nh4+ 39. Kf2 Qc7 40. Qe5 Qb7 41. Qe4 Qb8 42. Qe5 Qb1 43. Qe1 Qf5 44. Bd1 Nf4 45. Bxf4 Qxf4 46. Qe5 Qd2+ 47. Be2 Nf5 48. Qe8 Qxd4+ 49. Kg2 Qd5 50. Qa4 c2 0-1

[Event "Moscow-ch op Superfinal"]
[Site "Ershovo"]
[Date "2024.02.23"]
[Round "1"]
[White "Plotnikov, Boris"]
[Black "Dobrov, Vladimir"]
[Result "0-1"]
[WhiteElo "2097"]
[BlackElo "2454"]
[PlyCount "82"]
[EventDate "2024.02.23"]
[EventType "swiss"]
[EventRounds "10"]
[EventCountry "RUS"]
[SourceTitle "CBM 219 Extra"]
[Source "ChessBase"]
[SourceDate "2024.05.31"]
[SourceVersion "1"]
[SourceVersionDate "2024.05.31"]
[SourceQuality "1"]

1. d4 d5 2. c4 c6 3. Nc3 Nf6 4. Nf3 dxc4 5. a4 e6 6. e3 c5 7. Bxc4 Nc6 8. 0-0 Be7 9. b3 0-0 10. dxc5 Bxc5 11. Bb2 b6 12. Qc2 Bb7 13. Rad1 Qe7 14. Ng5 Rfd8 15. Nce4 Nxe4 16. Nxe4 Bb4 17. Ng3 Qh4 18. Rxd8+ Rxd8 19. Rd1 Rc8 20. Rd7 Na5 21. Rd4 Qe7 22. Rg4 g6 23. Rd4 e5 24. Rd1 Nxc4 25. bxc4 Qe6 26. Ne4 Be7 27. Nd2 f6 28. h3 Kf7 29. Qb3 Rd8 30. a5 Qc6 31. Nf3 Rxd1+ 32. Qxd1 bxa5 33. Bxe5 Qxc4 34. Bd4 a4 35. Nd2 Qa2 36. Qc1 a3 37. Qc7 Qd5 38. f3 a2 39. Qc3 Qb5 40. Qc7 Qb4 41. Nc4 Bd5 0-1

[Event "Moscow op-A 19th"]
[Site "Moscow"]
[Date "2023.07.19"]
[Round "3"]
[White "Polschikov, Alexey"]
[Black "Plotnikov, Boris"]
[Result "1/2-1/2"]
[WhiteElo "2420"]
[BlackElo "2099"]
[PlyCount "152"]
[EventDate "2023.07.17"]
[EventType "swiss"]
[EventRounds "9"]
[EventCountry "RUS"]
[SourceTitle "CBM 215 Extra"]
[Source "ChessBase"]
[SourceDate "2023.09.30"]
[SourceVersion "1"]
[SourceVersionDate "2023.09.30"]
[SourceQuality "1"]

1. d4 Nf6 2. c4 d6 3. Nc3 g6 4. e4 Bg7 5. Be2 0-0 6. Nf3 e5 7. d5 a5 8. Bg5 h6 9. Bh4 Na6 10. Nd2 Bd7 11. 0-0 Qe8 12. b3 Nh7 13. a3 h5 14. f3 Bf6 15. Bf2 Qe7 16. b4 Bh4 17. Rb1 Bxf2+ 18. Rxf2 axb4 19. axb4 f5 20. exf5 gxf5 21. f4 exf4 22. Nf1 Nf6 23. Rxf4 Qe5 24. Qd2 Rae8 25. Rf3 Re7 26. Re3 Ne4 27. Nxe4 f4 28. Nf6+ Qxf6 29. Rxe7 Qxe7 30. Bxh5 Qh7 31. Qd1 b5 32. cxb5 Bxb5 33. Bg4 Qd3 34. Be6+ Kg7 35. Qg4+ Qg6 36. Qxg6+ Kxg6 37. Nd2 Rb8 38. Rc1 Ba4 39. Ne4 Rxb4 40. g4 fxg3 41. Nxg3 Nc5 42. Bf5+ Kg5 43. Re1 Rd4 44. Re7 Rxd5 45. Rf7 Be8 46. Rf8 Bg6 47. Bh3 Rd1+ 48. Kf2 Ne4+ 49. Nxe4+ Bxe4 50. Bf1 Bd3 51. Bg2 Rd2+ 52. Kg3 Bg6 53. h4+ Kh6 54. Bf3 Rd3 55. Kf4 Rd4+ 56. Kg3 c5 57. h5 Bc2 58. Rh8+ Kg7 59. Rc8 Bd1 60. Bxd1 Rxd1 61. Kg4 Rd5 62. Kh4 Re5 63. Kg4 Kf7 64. Kh4 Re8 65. Rc7+ Kf6 66. h6 Re1 67. h7 Rh1+ 68. Kg4 Rh2 69. Kg3 Rh1 70. Kg4 c4 71. Rxc4 Rxh7 72. Kf3 Ke5 73. Ke2 d5 74. Ra4 d4 75. Ra8 Rh2+ 76. Kd3 Rh3+ 1/2-1/2

[Event "Orsha op-A 21st"]
[Site "Orsha"]
[Date "2023.01.25"]
[Round "9"]
[White "Plotnikov, Boris"]
[Black "Vlassow, Valentin"]
[Result "1-0"]
[WhiteElo "1810"]
[BlackElo "2224"]
[PlyCount "67"]
[EventDate "2023.01.19"]
[EventType "swiss"]
[EventRounds "9"]
[EventCountry "BLR"]
[SourceTitle "CBM 212 Extra"]
[Source "ChessBase"]
[SourceDate "2023.03.31"]
[SourceVersion "1"]
[SourceVersionDate "2023.03.31"]
[SourceQuality "1"]

1. Nf3 g6 2. g3 b6 3. Bg2 Bb7 4. c4 Bg7 5. Nc3 e6 6. b3 Ne7 7. Bb2 d6 8. 0-0 Nd7 9. d4 h6 10. Re1 a6 11. e4 0-0 12. Qd3 Qe8 13. Rad1 Rc8 14. h3 f5 15. exf5 Nxf5 16. Ne4 Qe7 17. Rd2 Rce8 18. Rde2 Nf6 19. Nfd2 Nxe4 20. Nxe4 Qd7 21. Nd2 Bxg2 22. Kxg2 Kh7 23. Ba1 a5 24. Nf3 Bf6 25. d5 Ng7 26. dxe6 Rxe6 27. Rxe6 Nxe6 28. Bxf6 Rxf6 29. Ne5 Qc8 30. Ng4 Rf5 31. Qc3 Qa8+ 32. Kg1 Ng7 33. Nf6+ Kh8 34. Ne8 1-0

[Event "Orsha op-A 21st"]
[Site "Orsha"]
[Date "2023.01.23"]
[Round "7"]
[White "Plotnikov, Boris"]
[Black "Potapova, Margarita"]
[Result "1/2-1/2"]
[WhiteElo "1810"]
[BlackElo "2191"]
[PlyCount "189"]
[EventDate "2023.01.19"]
[EventType "swiss"]
[EventRounds "9"]
[EventCountry "BLR"]
[SourceTitle "CBM 212 Extra"]
[Source "ChessBase"]
[SourceDate "2023.03.31"]
[SourceVersion "1"]
[SourceVersionDate "2023.03.31"]
[SourceQuality "1"]

1. Nf3 Nf6 2. g3 b5 3. Bg2 Bb7 4. d4 e6 5. Qd3 b4 6. Bg5 h6 7. Bxf6 Qxf6 8. e4 Qd8 9. Nbd2 Be7 10. c4 bxc3 11. bxc3 0-0 12. 0-0 c5 13. Qe3 d6 14. dxc5 dxc5 15. Rfd1 Qc7 16. Rab1 Nd7 17. Bf1 Nb6 18. Bd3 Rfd8 19. Bc2 Bc6 20. c4 Rd7 21. h4 Rad8 22. Kf1 Ba4 23. Bxa4 Nxa4 24. Rb3 Nb6 25. Rc1 Bf6 26. Qe2 Bd4 27. Nxd4 Rxd4 28. Nf3 R4d7 29. Kg2 f6 30. Rcc3 Qc6 31. Rb5 e5 32. Rbb3 Kh7 33. h5 Qe6 34. Rc2 Qg4 35. Nd4 Qxe2 36. Nxe2 Rd2 37. Rxd2 Rxd2 38. Nc3 Rc2 39. Nd5 Rxc4 40. Nxb6 axb6 41. Rxb6 Rxe4 42. Rc6 Ra4 43. Rxc5 Rxa2 44. Rc4 Ra7 45. Rc6 Kg8 46. g4 Kf7 47. Rc8 Ke6 48. Rc5 f5 49. f3 fxg4 50. fxg4 Re7 51. Ra5 Kf6 52. Ra6+ Re6 53. Ra5 e4 54. Rf5+ Ke7 55. g5 hxg5 56. Rxg5 Kf6 57. Rg6+ Kf7 58. Rg5 Re7 59. Kf2 Kf6 60. Ra5 Re5 61. Ra6+ Re6 62. Ra5 e3+ 63. Ke2 Kf7 64. Ra7+ Kg8 65. h6 Rxh6 66. Kxe3 Rf6 67. Ra4 Kh7 68. Rh4+ Kg6 69. Rh1 Rf5 70. Rg1+ Kf6 71. Ke4 Rf2 72. Ke3 Rf5 73. Ke4 g6 74. Ra1 Kg5 75. Rg1+ Kh6 76. Rh1+ Kg7 77. Ra1 Rf7 78. Ke5 Rf5+ 79. Ke4 Kf6 80. Rb1 Kg5 81. Rg1+ Kh6 82. Rh1+ Rh5 83. Ra1 Rf5 84. Rh1+ Kg7 85. Ra1 Rf8 86. Ke5 g5 87. Ra6 Kh7 88. Rb6 Rg8 89. Ke4 g4 90. Kf4 g3 91. Rb1 Kh6 92. Rg1 g2 93. Kf3 Rg5 94. Rxg2 Rxg2 95. Kxg2 1/2-1/2

[Event "Wch U12"]
[Site "Batumi"]
[Date "2022.09.27"]
[Round "11"]
[White "Plotnikov, Boris"]
[Black "Janukshan, B."]
[Result "1-0"]
[WhiteElo "1823"]
[BlackElo "1605"]
[PlyCount "67"]
[EventDate "2022.09.16"]
[EventType "swiss"]
[EventRounds "11"]
[EventCountry "GEO"]
[SourceTitle "EXT 2023"]
[Source "ChessBase"]
[SourceDate "2022.10.05"]
[SourceVersion "1"]
[SourceVersionDate "2022.10.05"]
[SourceQuality "1"]

1. Nf3 d5 2. g3 Nf6 3. Bg2 e6 4. 0-0 Be7 5. d3 0-0 6. a4 c5 7. e4 dxe4 8. dxe4 Nxe4 9. Qe2 Nf6 10. Rd1 Qe8 11. Nc3 Nc6 12. a5 a6 13. Bf4 Bd8 14. Bd6 Be7 15. Bc7 Bd8 16. Bxd8 Nxd8 17. Na4 Nd7 18. Ne5 Ra7 19. Nc4 Nc6 20. Bxc6 bxc6 21. Rd6 Qe7 22. Rad1 Rc7 23. Ne5 Nf6 24. c4 Nd5 25. Rxc6 Nb4 26. Rb6 Bb7 27. Qd2 Nc6 28. Nxc6 Bxc6 29. Nc3 Qf6 30. Qe3 Bb7 31. Ne4 Qe5 32. Nd6 Qh5 33. Rd3 Bc6 34. Rxa6 1-0

[Event "Wch U12"]
[Site "Batumi"]
[Date "2022.09.26"]
[Round "10"]
[White "Mahmudzade, Yunis"]
[Black "Plotnikov, Boris"]
[Result "1/2-1/2"]
[WhiteElo "1527"]
[BlackElo "1823"]
[PlyCount "90"]
[EventDate "2022.09.16"]
[EventType "swiss"]
[EventRounds "11"]
[EventCountry "GEO"]
[SourceTitle "EXT 2023"]
[Source "ChessBase"]
[SourceDate "2022.10.05"]
[SourceVersion "1"]
[SourceVersionDate "2022.10.05"]
[SourceQuality "1"]

1. d4 d6 2. Nf3 Nf6 3. c4 g6 4. Nc3 Bg7 5. Bg5 h6 6. Bh4 g5 7. Bg3 Nh5 8. e3 Nxg3 9. hxg3 c5 10. Be2 g4 11. Nd2 cxd4 12. exd4 Bxd4 13. Bxg4 Nc6 14. 0-0 Rg8 15. Bf3 Be6 16. Nd5 Ne5 17. Be2 Qd7 18. Ne4 Nc6 19. Qb3 0-0-0 20. Rad1 f5 21. Nd2 Bf7 22. Kh1 e6 23. Nf3 Bh8 24. Nc3 Bf6 25. Nb5 Be7 26. Nfd4 Nxd4 27. Rxd4 e5 28. Rdd1 a6 29. Nc3 f4 30. gxf4 Qf5 31. Bf3 Rd7 32. fxe5 Qxe5 33. Nd5 Bd8 34. Qe3 Kb8 35. Qxe5 dxe5 36. Rfe1 Bxd5 37. Bxd5 Rg5 38. b4 Be7 39. c5 a5 40. a3 axb4 41. axb4 Rg4 42. Rxe5 Rxb4 43. Rc1 Rb5 44. Be4 Rc7 45. Re6 Rbxc5 1/2-1/2

[Event "Wch U12"]
[Site "Batumi"]
[Date "2022.09.25"]
[Round "9"]
[White "Plotnikov, Boris"]
[Black "Azoulay, Yehonatan"]
[Result "1-0"]
[WhiteElo "1823"]
[BlackElo "1765"]
[PlyCount "60"]
[EventDate "2022.09.16"]
[EventType "swiss"]
[EventRounds "11"]
[EventCountry "GEO"]
[SourceTitle "EXT 2023"]
[Source "ChessBase"]
[SourceDate "2022.10.05"]
[SourceVersion "1"]
[SourceVersionDate "2022.10.05"]
[SourceQuality "1"]

1. Nf3 g6 2. g3 Bg7 3. Bg2 c5 4. 0-0 Nc6 5. c4 Nh6 6. d4 cxd4 7. Nxd4 Nxd4 8. Bxh6 Nxe2+ 9. Qxe2 Bxh6 10. Qe5 0-0 11. Nc3 Bg7 12. Qe3 d6 13. Rad1 Bxc3 14. Qxc3 Qc7 15. Rfe1 Be6 16. h4 Rac8 17. b3 b5 18. h5 Bg4 19. hxg6 hxg6 20. Rd4 Bh5 21. Rh4 f5 22. Re6 Kf7 23. Bd5 Ke8 24. Qe1 Kd8 25. cxb5 Qc1 26. Rxe7 Qxe1+ 27. Rxe1 Rc5 28. Bc6 Rh8 29. Ra4 Rxc6 30. bxc6 Kc7 1-0

[Event "Cheliabinsk Panchenko Memorial op-A"]
[Site "Cheliabinsk"]
[Date "2021.09.18"]
[Round "6"]
[White "Plotnikov, Boris"]
[Black "Popovich, Alexey"]
[Result "0-1"]
[WhiteElo "2025"]
[BlackElo "1891"]
[PlyCount "120"]
[EventDate "2021.09.13"]
[EventType "swiss"]
[EventRounds "10"]
[EventCountry "RUS"]
[SourceTitle "CBM 204 Extra"]
[Source "ChessBase"]
[SourceDate "2021.11.30"]
[SourceVersion "1"]
[SourceVersionDate "2021.11.30"]
[SourceQuality "1"]

1. Nf3 d5 2. g3 Nf6 3. Bg2 e6 4. 0-0 Be7 5. b3 0-0 6. c4 c5 7. Bb2 d4 8. e3 Nc6 9. exd4 cxd4 10. Re1 Qb6 11. Ne5 Nxe5 12. Rxe5 Bd7 13. d3 Bc6 14. Nd2 Nd7 15. Rh5 Bxg2 16. Kxg2 f5 17. f4 Nf6 18. Rh3 Ng4 19. Qe2 Bf6 20. Nf3 Rae8 21. Ba3 Rf7 22. Re1 g6 23. Bc1 Qc6 24. Kg1 e5 25. fxe5 Nxe5 26. Nxe5 Rxe5 27. Qf2 Rxe1+ 28. Qxe1 Re7 29. Qf2 Qe6 30. Kf1 f4 31. Kg2 Qc6+ 32. Kg1 f3 33. g4 Re2 34. Qxf3 Re1+ 35. Kg2 Rxc1 36. Qxc6 bxc6 37. Rf3 Rc2+ 38. Rf2 Rxf2+ 39. Kxf2 a5 40. Kf3 Kf7 41. Ke4 Ke6 42. h3 h6 43. a3 c5 44. Kf4 Bg5+ 45. Ke4 Bc1 46. a4 h5 47. gxh5 gxh5 48. Kf3 Kf5 49. Kg3 Bg5 50. Kf3 Bh4 51. Ke2 Kf4 52. Kd2 Kg3 53. b4 axb4 54. a5 Bd8 55. a6 Bb6 56. Kc2 Kxh3 57. Kb3 Kg4 58. Ka4 Ba7 59. Kb5 b3 60. Kc6 b2 0-1

[Event "Cheliabinsk Panchenko Memorial op-A"]
[Site "Cheliabinsk"]
[Date "2021.09.15"]
[Round "3"]
[White "Kavyev, Ruslan"]
[Black "Plotnikov, Boris"]
[Result "1-0"]
[WhiteElo "2306"]
[BlackElo "2025"]
[PlyCount "93"]
[EventDate "2021.09.13"]
[EventType "swiss"]
[EventRounds "10"]
[EventCountry "RUS"]
[SourceTitle "CBM 204 Extra"]
[Source "ChessBase"]
[SourceDate "2021.11.30"]
[SourceVersion "1"]
[SourceVersionDate "2021.11.30"]
[SourceQuality "1"]

1. e4 d6 2. d4 Nf6 3. Nc3 e5 4. Nf3 Nbd7 5. Bc4 Be7 6. 0-0 0-0 7. a4 exd4 8. Nxd4 Ne5 9. Ba2 Nc6 10. Bf4 Nxd4 11. Qxd4 Be6 12. Bxe6 fxe6 13. Qc4 Qd7 14. Rad1 Rf7 15. e5 Nh5 16. exd6 Rxf4 17. dxe7 Rxc4 18. Rxd7 Re8 19. Nb5 Nf6 20. Nxc7 Nxd7 21. Nxe8 Rxc2 22. Nxg7 Nf6 23. e8Q+ Nxe8 24. Nxe8 Rxb2 25. g3 Ra2 26. Nd6 b6 27. Re1 Rxa4 28. Rxe6 a5 29. Nb5 Rb4 30. Rxb6 a4 31. Rb8+ Kg7 32. Rb7+ Kf6 33. Nd6 Rxb7 34. Nxb7 a3 35. Nc5 a2 36. Nb3 Ke5 37. f4+ Kd5 38. f5 Kc4 39. Na1 Kc3 40. f6 Kb2 41. f7 Kxa1 42. f8Q Kb1 43. Qb4+ Kc2 44. Qa3 Kb1 45. Qb3+ Ka1 46. Qc2 h5 47. Qc1# 1-0

[Event "Wch U10 rapid"]
[Site "Minsk"]
[Date "2019.08.16"]
[Round "4"]
[White "Plotnikov, Boris"]
[Black "Zverev, Lev"]
[Result "0-1"]
[WhiteElo "1531"]
[BlackElo "1879"]
[PlyCount "64"]
[EventDate "2019.08.16"]
[EventType "swiss (rapid)"]
[EventRounds "9"]
[EventCountry "BLR"]
[SourceTitle "EXT 2020"]
[Source "ChessBase"]
[SourceDate "2019.10.17"]
[SourceVersion "1"]
[SourceVersionDate "2019.10.17"]
[SourceQuality "1"]

1. Nf3 d5 2. g3 e6 3. Bg2 Nf6 4. 0-0 Bd6 5. c4 0-0 6. d3 b6 7. Nc3 Bb7 8. b3 c5 9. Bb2 Nbd7 10. Rc1 Rc8 11. Rc2 Qe7 12. Qa1 d4 13. Nd1 Ba8 14. e3 e5 15. Re1 Qd8 16. exd4 exd4 17. Rce2 Qc7 18. b4 Bxf3 19. Bxf3 Ne5 20. Rxe5 Bxe5 21. bxc5 bxc5 22. Qc1 h6 23. Ba3 Bd6 24. Qd2 Rb8 25. Nb2 Qb6 26. Na4 Qc7 27. Nb2 Nd7 28. Bd5 Rb6 29. Qa5 Qc8 30. Qd2 Qa6 31. Kg2 Qxa3 32. Nd1 Qb4 0-1

[Event "Moscow Time of the First U11"]
[Site "Moscow"]
[Date "2019.06.23"]
[Round "9"]
[White "Plotnikov, Boris"]
[Black "Engelgardt, Sergey"]
[Result "1-0"]
[WhiteElo "1396"]
[BlackElo "1085"]
[PlyCount "45"]
[EventDate "2019.06.17"]
[EventType "swiss"]
[EventRounds "9"]
[EventCountry "RUS"]
[SourceTitle "EXT 2021"]
[Source "ChessBase"]
[SourceDate "2020.10.23"]
[SourceVersion "1"]
[SourceVersionDate "2020.10.23"]
[SourceQuality "1"]

1. d4 Nf6 2. Bf4 e6 3. e3 b6 4. Nf3 Bb7 5. Be2 Be7 6. h3 d6 7. 0-0 Nbd7 8. c4 0-0 9. Nc3 c5 10. Qc2 d5 11. Rfd1 Qc8 12. Rac1 h6 13. Ne5 cxd4 14. exd4 Rd8 15. cxd5 exd5 16. Bf3 Nxe5 17. dxe5 Nd7 18. Bxd5 Bxd5 19. Nxd5 Qxc2 20. Nxe7+ Kf8 21. Rxc2 Kxe7 22. Rc7 Rac8 23. Rdxd7+ 1-0

[Event "Moscow Time of the First U11"]
[Site "Moscow"]
[Date "2019.06.22"]
[Round "8"]
[White "Safonov, Yaroslav"]
[Black "Plotnikov, Boris"]
[Result "1-0"]
[WhiteElo "1270"]
[BlackElo "1396"]
[PlyCount "123"]
[EventDate "2019.06.17"]
[EventType "swiss"]
[EventRounds "9"]
[EventCountry "RUS"]
[SourceTitle "EXT 2021"]
[Source "ChessBase"]
[SourceDate "2020.10.23"]
[SourceVersion "1"]
[SourceVersionDate "2020.10.23"]
[SourceQuality "1"]

1. d4 d6 2. Bf4 g6 3. Nf3 Bg7 4. e3 Nd7 5. Be2 e5 6. Bg3 Qe7 7. 0-0 Ngf6 8. h3 0-0 9. c3 b6 10. a4 a6 11. b4 Bb7 12. Qb3 Ne4 13. Bh2 c5 14. bxc5 dxc5 15. d5 Nd6 16. Na3 Rfe8 17. Rad1 Rad8 18. c4 Rb8 19. Kh1 e4 20. Nd2 Be5 21. Nc2 Bxh2 22. Kxh2 b5 23. axb5 axb5 24. Qc3 Qe5+ 25. Qxe5 Nxe5 26. cxb5 Bxd5 27. Nb1 Bc4 28. Bxc4 Ndxc4 29. Nc3 Nd3 30. Kg3 f5 31. Ra1 Ra8 32. Ra6 Nb4 33. Nxb4 cxb4 34. Nd5 Reb8 35. Rxa8 Rxa8 36. Rb1 Rb8 37. Rxb4 Nd6 38. b6 Kf7 39. Nc7 Kf6 40. Na6 Ra8 41. Rd4 f4+ 42. Kh2 Nf5 43. b7 Re8 44. Rb4 Nxe3 45. fxe3 fxe3 46. b8Q Rxb8 47. Nxb8 Kf5 48. Nc6 Kf4 49. Nd4 g5 50. Rb5 e2 51. Nxe2+ Ke3 52. Ng1 g4 53. hxg4 h5 54. gxh5 Kf2 55. Rb2+ Kf1 56. h6 e3 57. h7 e2 58. Nxe2 Ke1 59. h8Q Kd1 60. Qd4+ Ke1 61. Nc3 Kf1 62. Qf2# 1-0

[Event "Moscow Time of the First U11"]
[Site "Moscow"]
[Date "2019.06.21"]
[Round "6"]
[White "Ivannikov, Maksim"]
[Black "Plotnikov, Boris"]
[Result "1-0"]
[WhiteElo "1332"]
[BlackElo "1396"]
[PlyCount "69"]
[EventDate "2019.06.17"]
[EventType "swiss"]
[EventRounds "9"]
[EventCountry "RUS"]
[SourceTitle "EXT 2021"]
[Source "ChessBase"]
[SourceDate "2020.10.23"]
[SourceVersion "1"]
[SourceVersionDate "2020.10.23"]
[SourceQuality "1"]

1. c4 Nf6 2. g3 g6 3. Bg2 Bg7 4. Nc3 0-0 5. d3 d6 6. e3 Nc6 7. Nge2 e5 8. 0-0 Nd7 9. Rb1 a5 10. a3 f5 11. b4 axb4 12. axb4 Nf6 13. b5 Ne7 14. Qb3 Nd7 15. d4 Kh8 16. Bb2 Qe8 17. Ra1 Rb8 18. Rfc1 exd4 19. exd4 Qf7 20. Qb4 c5 21. dxc5 dxc5 22. Qb3 Ne5 23. Nd5 Nxd5 24. Bxd5 Be6 25. Bxe6 Qxe6 26. Nf4 Qf7 27. Rc2 Rbd8 28. Re1 Rfe8 29. Rce2 Qc7 30. Nd5 Qb8 31. Ba1 g5 32. Qe3 g4 33. Kg2 h6 34. Qf4 Ng6 35. Qxh6+ 1-0